A study of Islamic history / (Record no. 1452)

MARC details
000 -LEADER
fixed length control field 00461nam a2200169 a 4500
003 - CONTROL NUMBER IDENTIFIER
control field BD-DhJNU
005 - DATE AND TIME OF LATEST TRANSACTION
control field 20250306045838.0
008 - FIXED-LENGTH DATA ELEMENTS--GENERAL INFORMATION
fixed length control field 250204s1970 ii a b 001 0 eng
040 ## - CATALOGING SOURCE
Original cataloging agency BD-DhJNU
Language of cataloging ENG
Transcribing agency BD-DhJNU
Modifying agency BD-DhJNU
082 00 - DEWEY DECIMAL CLASSIFICATION NUMBER
Classification number 297 ALS
Edition number 23
100 1# - MAIN ENTRY--PERSONAL NAME
Personal name Ali, K.
245 10 - TITLE STATEMENT
Title A study of Islamic history /
Statement of responsibility, etc. K. Ali
260 ## - PUBLICATION, DISTRIBUTION, ETC.
Place of publication, distribution, etc. Dacca :
Name of publisher, distributor, etc. Ali Publications,
Date of publication, distribution, etc. 1970.
300 ## - PHYSICAL DESCRIPTION
Extent Various pages. :
Other physical details ill. ;
Dimensions 22 cm.
650 #0 - SUBJECT ADDED ENTRY--TOPICAL TERM
Topical term or geographic name entry element Islamic history
942 ## - ADDED ENTRY ELEMENTS (KOHA)
Koha item type Books
Holdings
Withdrawn status Lost status Source of classification or shelving scheme Damaged status Not for loan Collection Home library Current library Shelving location Date acquired Source of acquisition Total checkouts Full call number Barcode Date last seen Copy number Price effective from Koha item type
    Dewey Decimal Classification     Non-fiction Jagannath University Central Library Jagannath University Central Library General stacks 03/06/2025 Purchased   297 ALS JNUCL9467 03/06/2025 1 03/06/2025 Books
    Dewey Decimal Classification     Non-fiction Jagannath University Central Library Jagannath University Central Library General stacks 03/09/2025 Purchased   297 ALS JNUCL8484 03/09/2025 2 03/09/2025 Books
    Dewey Decimal Classification     Non-fiction Jagannath University Central Library Jagannath University Central Library General stacks 03/23/2025 Purchased   297 ALS JNUCL8529 03/23/2025 3 03/23/2025 Books